Exploring Strategy 13/e
Gardado en:
| Autor Principal: | |
|---|---|
| Formato: | Libro |
| Publicado: |
Pearson
|
| Tags: |
Sen Etiquetas, Sexa o primeiro en etiquetar este rexistro!
|
MARC
| LEADER | 00000nam a2200000Ia 4500 | ||
|---|---|---|---|
| 005 | 20260513122051.0 | ||
| 020 | |a 9781292428741 | ||
| 100 | |a Angwin | ||
| 365 | |c £ | ||
| 365 | |b 25.00 | ||
| 942 | |c BK | ||
| 245 | |a Exploring Strategy 13/e | ||
| 260 | |b Pearson | ||
| 999 | |c 45 |d 45 | ||
| 952 | |0 0 |1 0 |4 0 |7 0 |a UNSW |b UNSW |d 2026-05-08 |g 70.99 |i 16697 |l 0 |p 000147 |r 2026-05-13 12:20:51 |v 70.99 |w 2026-05-13 |y BK | ||